Initiales PA à PZ - Statistiques

Statistiques générales
  • Ce quiz a été pris 43 fois
  • Le résultat moyen est 10 sur 26
Statistiques - réponses
Initiales Définitions Réponses % Correct
PP Peintre espagnol connu pour l'art abstrait Pablo Picasso
93%
PN Il joue dans "20 ans d'écart" et "Yves-Saint-Laurent" Pierre Niney
88%
PC Fondateur des Jeux Olympiques Pierre de Coubertin
85%
PK Elle chante "Mon mec à moi" en 1988 Patricia Kaas
80%
PD Il joue le Dr Shepherd dans Grey's Anatomy Patrick Dempsey
68%
PV Poète messin ayant rencontré Arthur Rimbaud Paul Verlaine
63%
PG Pilote français en Formule 1, vainqueur du Grand Prix d'Italie en 2020 Pierre Gasly
63%
PA Footballeur gabonais, meilleur joueur africain de l'année en 2015 Pierre-Emerick Aubameyang
58%
PB Ce chef cuisinier à trois étoiles aux guide Michelin Paul Bocuse
55%
PM Humoriste montpellierain né en 1995 Paul Mirabel
45%
PH Ce tennisman français a obtenu tout les grands chelem avec N.Mahut Pierre-Hugues Herbert
40%
PL Président du directoire de l'Olympique de Marseille depuis 2021 Pablo Longoria
38%
PS Coureur cycliste slovaque, unique coureur à remporter trois titres de champion du monde sur route consécutifs Peter Sagan
35%
PF Ce footballeur anglais a le numéro 47 en hommage à son grand-père Phil Foden
35%
PR Coureur cycliste slovène, champion olympique du contre-la-montre Primož Roglič
35%
PE Footballeur sénégalais ayant jouer en Équipe de France en 2010 Patrice Évra
30%
PU Il joue Hercule Poirot dans Mort sur le Nil Peter Ustinov
25%
PY Chanteur britannique interprétant "Every time you go away" Paul Young
18%
PT Ce pilote français a 2 victoires en F1 Patrick Tambay
10%
PQ Champion du monde IKF dans la catégorie des poids lourds en 2008 Patrice Quarteron
8%
PO Pilote mexicain en Indycar dans le haut du classement Patricio O'Ward
8%
PZ Nageur chinois ayant 2 titres lors des JO de Paris en 2024 Pan Zhanle
3%
PJ Il joue le meurtrier Dan dans Les Frères Scott Paul Johansson
3%
PI Ce chanteur interprète Georges Brassens en espagnol Paco Ibáñez
0%
PX Nageuse chinoise médaillée de bronze à Singapour en 2025 Peng Xuwei
0%
PW Actrice philippine, Miss Univers 2015 Pia Wurtzbach
0%
Aucun quiz correspondant
Distribution des résultats
% des personnes avec chaque résultat
Percentile par nombre de réponses
Votre historique - résultats
Vous n’avez pas pris ce quiz